000 00413nam a2200169Ia 4500
001 13557
003 IN-NITTTR
005 20251114233127.0
008 251113s9999||||xx |||||||||||||| ||eng||
040 _beng
040 _cIN-NITTTR
041 _aeng
082 _a323.6 P17W
100 _aPalkhivala, N. A.
245 0 _aWe, the people :
_b India the largest democracy /
_cPalkhivala, N. A.
942 _2ddc
_cBK
999 _c16193
_d16193